1988 1254 1869 1139 1266 1782 1279 1722 1947 1846 1678 1777 1386 1529 1412 1806 1259 1264 1750 1064 1616 1474 1662 1328 1932 1130 1287 1584 1708 1506 1738 1519 1372 1125 1186 1136 1035 1698 1805 1306 1198 1347 1344 1159 1044 1171 1977 1780 1473 1470 1094 1462 1216 1828 1184 1758 1571 1869 1035 1967 1694 1863 1828 1019 1546 1961 1095 1771 1582 1332 1733 1148 1194 1218 1046 1311 1322 1411 1815 1451 1921 1001 1835 1328 1370 1181 1750 1406 1348 1175 1810 1134 1660 1282 1978 1837 1145 1915 1610 BCNSPRNW ULIB Ver.6.0+V

เปลี่ยนเป็นภาษาไทย

Change to English
 แสดงรายละเอียดบรรณานุกรม
  กลับหน้าหลัก

Brief Record : Get Marc (ISO 2709) : E-mail record : QR code < ปิดหน้าต่าง
LEADER : 00000nam 2200000uu 4500
001    13399124223
003     ULIB
008    150202s2003||||th 000 0 tha d
020    9780439567619
099    นง.^bR884H
100 0  Rowling, J.K.
245 00 Harry Potter and the order or the phoenix/^cRowling, J.K.
260    New York:^bArthur A Levene book,^c2003
300    870 page
945    ^p0^l0^i021844
999    ^aเกษร โพธิ์สุวรรณ
รายการนี้ยังไม่มีแท็ก
คุณยังไม่ได้ล็อกอิน คุณสามารถมีกิจกรรมร่วมกับเว็บไซต์ได้ แต่ต้องล็อกอินก่อน ::
  ล็อกอิน

รายการสื่อสารสนเทศ

ลำดับที่ ประเภท เลขเรียก/บาร์โค้ด สถานที่ สถานะ
1. นวนิยาย
นวนิยาย
นง. R884H ฉ.1 
  Barcode: 021844
ห้องสมุดวิทยาเขตนครสวรรค์
►นวนิยาย:l:Fiction
บนชั้น

BibComment


ยังไม่เคยถูกคอมเมนท์

คอมเมนท์ทรัพยากรรายการนี้
  คอมเมนท์: Harry Potter and ..


 Copyright 2026. Bcnsprnw @Library